00677nam a22002171 450000100060000000300080000600500170001400800390003103500190007003500180008904000450010704100080015208200200016010000280018024500800020825000110028826000590029930000460035850400200040465100350042427194BD-RjUL20211209051126.0140324s1960 enkb 001 0 eng a(BD-RjUL)27266 a(OCoLC)399043 aDLCcODaWUdOCoLCdUkdDLCdBD-RjULbeng aeng a956.7bKHI 19601 aKhadduri, Majid,d1908-10aIndependent Iraq, 1932-1958 :ba study in Iraqi politics /cMajid Khadduri. a2d ed. aLondon ;aNew York :bOxford University Press,cc1960. avii, 388 p. :bill., fold. map. ;c23 cm. aIncludes index. 0aIraqxPolitics and government.